000 00747nam a22002177a 4500
999 _c3192
_d3192
003 AR-CdUCM
008 190306b ||||| |||| 00| 0 spa d
020 _a84-278-0915
040 _aMUNICIPALIDAD PROVINCIAL DEL CUSCO
_cBIBLIOTECA MUNICIPAL DEL CUSCO
082 _a858.8 /
_bSA18C
100 _aSalgari, Emilio
_9800
245 _aA la conquista de un imperio /
260 _aBarcelona :
_bNauta,
_c1984.
300 _a188 páginas ;
_c18 cm.
440 _n5
_910719
505 _aContenido: Milord Yáñez -- El rapto de un ministro -- En el antro de los tigres de Mompracem -- La piedra de Salagram -- El asalto de los tigres ...
650 _aNovelas italianas
_99329
650 _aSiglo XIX
_9971
942 _2ddc
_cLIBROS
945 _aafb